| 000 | 01309cam a22003375i 4500 | ||
|---|---|---|---|
| 001 | 23002644 | ||
| 005 | 20250501160952.0 | ||
| 008 | 230307s2024 dcu 000 0 eng | ||
| 010 | _a 2023934121 | ||
| 020 | _a9781433837654 | ||
| 037 | _cTB | ||
| 040 |
_aCRL _beng _erda _cCRL _dCRL |
||
| 041 |
_2eng _aeng |
||
| 042 | _apcc | ||
| 084 |
_aS:851 R3 _qCRL |
||
| 245 | 0 | 0 | _aEvidence-based practice in clinical hypnosis |
| 260 |
_aWashington, USA: _bAmerican Psychological Association, _c2023 |
||
| 263 | _a2405 | ||
| 300 | _axii, 257p. cm | ||
| 336 |
_atext _btxt _2rdacontent |
||
| 337 |
_aunmediated _bn _2rdamedia |
||
| 338 |
_avolume _bnc _2rdacarrier |
||
| 520 |
_a"This book details the scientific evidence for and the clinical practice of hypnosis for a range of problems and symptoms, including anxiety, depression, acute pain, chronic pain, and other behavioral problems"-- _cProvided by publisher. |
||
| 650 | _aPsychology | ||
| 650 |
_aHypnotism _9180576 |
||
| 700 | 1 |
_aMilling, Leonard S., _eeditor. _9753701 |
|
| 906 |
_a0 _bibc _corignew _d2 _eepcn _f20 _gy-gencatlg |
||
| 942 |
_2CC _cTB _hS:851 R3 _n0 |
||
| 999 |
_c1309912 _d1309912 |
||